BIBLIOTECA

SENCICO

Tratado de topografía / (Registro nro. 482)

Detalles MARC
000 -LEADER
fixed length control field 01172nam a2200289Ia 4500
003 - CONTROL NUMBER IDENTIFIER
control field PE SENCICO BE
005 - DATE AND TIME OF LATEST TRANSACTION
control field 20251020182439.0
008 - FIXED-LENGTH DATA ELEMENTS--GENERAL INFORMATION
fixed length control field 200515s9999 xx 000 0 und d
020 ## - INTERNATIONAL STANDARD BOOK NUMBER
International Standard Book Number 84-03-20040-4
040 ## - CATALOGING SOURCE
Original cataloging agency PE SENCICO BE
Transcribing agency PE SENCICO BE
041 ## - LANGUAGE CODE
Language code of text/sound track or separate title spa
082 ## - DEWEY DECIMAL CLASSIFICATION NUMBER
Classification number 526.9
Item number D19 1971
100 1# - MAIN ENTRY--PERSONAL NAME
Personal name Davis, Raymond E.
9 (RLIN) 3240
Relator term autor
245 10 - TITLE STATEMENT
Title Tratado de topografía /
Statement of responsibility, etc. Raymond E. Davis, Francis S. Foote, Joe W. Kelly
250 ## - EDITION STATEMENT
Edition statement 3a ed.
260 ## - PUBLICATION, DISTRIBUTION, ETC.
Place of publication, distribution, etc. Madrid :
Name of publisher, distributor, etc. Aguilar ;
Date of publication, distribution, etc. 1971.
-- Reimp. 1976
300 ## - PHYSICAL DESCRIPTION
Extent 977 páginas :
Other physical details ilustraciones, tablas, gráficos ;
Dimensions 21 cm.
490 ## - SERIES STATEMENT
Series statement Colección ciencia y técnica
520 ## - SUMMARY, ETC.
Summary, etc. Describe con detalle los aparatos y métodos modernos en topografía, los teodolitos, las técnicas electrónicas de localización y medición de distancias e instrumentos fotogramétricos para el trazado de planos, así como su empleo y el de calculadoras electr
650 10 - SUBJECT ADDED ENTRY--TOPICAL TERM
Topical term or geographic name entry element Topografía
9 (RLIN) 4
650 20 - SUBJECT ADDED ENTRY--TOPICAL TERM
Topical term or geographic name entry element Instrumentos de topografía
9 (RLIN) 997
650 20 - SUBJECT ADDED ENTRY--TOPICAL TERM
Topical term or geographic name entry element Cartografía
9 (RLIN) 1
650 20 - SUBJECT ADDED ENTRY--TOPICAL TERM
Topical term or geographic name entry element Fotogrametría
9 (RLIN) 120
700 1# - ADDED ENTRY--PERSONAL NAME
9 (RLIN) 3241
Personal name Foote, Francis S.
Relator term autor
700 1# - ADDED ENTRY--PERSONAL NAME
9 (RLIN) 3242
Personal name Kelly, Joe W.
Relator term autor
942 ## - ADDED ENTRY ELEMENTS (KOHA)
Koha item type Libros
Source of classification or shelving scheme Dewey Decimal Classification
Existencias
Fecha de la última vez que lo usaron Número de ingreso o de inventario Pago total Signatura topográfica completa Código de barras Precio efectivo desde Tipo de documento Estado perdido Sistema de clasificación Estado dañado No es para préstamo Retirado Ubicación permanente Ubicación actual Fecha de adquisición
15/05/2020 504   526.9/D19/1971 BibLima25070058 15/05/2020 Libros   Dewey Decimal Classification       Biblioteca Central Lima Biblioteca Central Lima 15/05/2020